|
|
|
|
| LEADER |
01804nam a2200481 a 4500 |
| 001 |
000707917 |
| 003 |
CZ BrMZK |
| 005 |
20040416130202.0 |
| 007 |
ta |
| 008 |
040308s2003 xr a e 000 0 cze d |
| 015 |
|
|
|a cnb001306543
|
| 020 |
|
|
|a 80-85844-87-7
|q (brož.)
|
| 035 |
|
|
|a (OCoLC)55884736
|
| 040 |
|
|
|a BOA001
|b cze
|
| 041 |
0 |
|
|a cze
|a ger
|
| 072 |
|
7 |
|a 81
|x Lingvistika. Jazyky
|2 Konspekt
|9 11
|
| 080 |
|
|
|a 821.112.2(437.3)
|2 MRF
|
| 080 |
|
|
|a 81'27/'28
|2 MRF
|
| 080 |
|
|
|a 811.163.2
|2 MRF
|
| 080 |
|
|
|a 811.112.2
|2 MRF
|
| 080 |
|
|
|a (048.8)
|2 MRF
|
| 080 |
|
|
|a 929
|2 MRF
|
| 080 |
|
|
|a 821.112.2(437.3)-051
|2 MRF
|
| 100 |
1 |
|
|a Nekula, Marek,
|d 1965-
|7 jn20000401847
|4 aut
|
| 245 |
1 |
0 |
|a --v jednom poschodí vnitřní babylonské věže-- :
|b jazyky Franze Kafky /
|c Marek Nekula
|
| 246 |
3 |
3 |
|a Jazyky Franze Kafky
|
| 250 |
|
|
|a Vyd. 1.
|
| 260 |
|
|
|a Praha :
|b Nakladatelství Franze Kafky,
|c 2003
|
| 300 |
|
|
|a 627 s. :
|b il. ;
|c 21 cm
|
| 500 |
|
|
|a Český a německý text
|
| 504 |
|
|
|a Obsahuje bibliografii a bibliografické odkazy
|
| 500 |
|
|
|a Dostupné též v digitální podobě v aplikaci Kramerius
|
| 600 |
1 |
7 |
|a Kafka, Franz,
|d 1883-1924
|7 jn19990218037
|2 czenas
|
| 650 |
0 |
7 |
|a jazyková situace
|7 ph137615
|2 czenas
|
| 650 |
0 |
7 |
|a němčina
|7 ph115512
|2 czenas
|
| 650 |
0 |
7 |
|a pražští němečtí spisovatelé
|7 ph124582
|y 20. stol.
|2 czenas
|
| 650 |
0 |
7 |
|a pražská německá literatura
|7 ph138765
|y 20. stol.
|2 czenas
|
| 650 |
|
7 |
|a čeština
|7 ph135292
|2 czenas
|
| 655 |
|
7 |
|a studie
|7 fd133597
|2 czenas
|
| 856 |
4 |
1 |
|u http://www.digitalniknihovna.cz/mzk/uuid/uuid:abe723b0-1677-11e6-853f-005056827e52
|y Digitalizovaný dokument
|x NDK
|
| 910 |
|
|
|a BOA001
|b 2-1131.473
|
| 990 |
|
|
|a BK
|
| 996 |
6 |
|
|b 2610215353
|c 2-1131.473
|l MZK
|r Sklad / do 1 hodiny
|n 2
|p p.v.
|w 000707917
|u 000010
|a 1
|e BOA001
|j MZK50
|s P
|